[Event "NLD-chT9596"]
[Site "?"]
[Date "1995.??.??"]
[Round "?"]
[White "Peek, Marcel"]
[Black "Brenninkmeijer, Joris"]
[Result "0-1"]
[WhiteElo "2335"]
[BlackElo "2490"]

1.d4 Nf6 2.c4 g6 3.Nc3 Bg7 4.e4 d6 5.Nf3 O-O 6.Be2 e5 7.Bg5 h6 8.Bh4 Na6
9.d5 Qe8 10.Nd2 Nh7 11.f3 f5 12.a3 Bf6 13.Bf2 c5 14.dxc6 bxc6 15.b4 Nc7 16.Nb3 Qd7
17.O-O Rd8 18.Qc2 Qe8 19.Rad1 Ng5 20.Rfe1 Be6 21.Na5 d5 22.Nb7 Rd7 23.Nc5 dxe4
24.Nxd7 Bxd7 25.fxe4 f4 26.Na4 Nce6 27.Nc5 Nxc5 28.Bxc5 h5 29.Rd2 Ne6 30.Bf2 c5
31.b5 Nd4 32.Bxd4 exd4 33.e5 Bh4 34.Rf1 Kg7 35.Bf3 Rd8 36.Qe4 Bf5 37.Qxf4 Qe7
38.Rdd1 Bg5 39.Qg3 Bh4 40.Qf4 Bg5 41.Qg3 h4 42.Qe1 Be3+ 43.Kh1 Qxe5 44.Qa5 Rd7
45.b6 axb6 46.Qa8 d3 47.Bc6 Re7 48.Bd5 d2 49.Qg8+ Kh6 50.Qf8+ Kg5 51.Rxf5+ gxf5
52.Rf1 Re8 53.Qf7 Re7 54.Qf8 Qf6 55.Qg8+ Kh6 56.g3 h3 57.Qd8 Bd4 58.Bf3 Re1  0-1

[Event "NLD-chT9596"]
[Site "?"]
[Date "1995.??.??"]
[Round "?"]
[White "Konings, Leon"]
[Black "Verdonk, Roland"]
[Result "1-0"]
[WhiteElo "2230"]
[BlackElo "2285"]

1.d4 Nf6 2.c4 g6 3.Nc3 Bg7 4.e4 d6 5.Be2 O-O 6.Be3 e5 7.Nf3 Nbd7 8.d5 Nh5
9.g3 Ndf6 10.h3 Ne8 11.Nh4 Nf4 12.Bf1 f5 13.Nf3 Nh5 14.exf5 gxf5 15.Ng1 Nef6
16.Nge2 Qe7 17.Bg5 h6 18.Bh4 Bd7 19.Bg2 Qf7 20.Qd2 a6 21.O-O-O b5 22.f3 bxc4
23.g4 Nf4 24.Nxf4 exf4 25.Bf1 Rab8 26.Rh2 Nh7 27.Bxc4 Rb4 28.Qd3 Rfb8 29.a3 R4b6
30.Re2 Ng5 31.Bf2 Nxh3 32.Bxb6 cxb6 33.Rde1 fxg4 34.Re7 Qf5 35.Qxf5 Bxf5
36.fxg4 Bxg4 37.Bxa6 f3 38.Bf1 Nf4 39.Re8+ Rxe8 40.Rxe8+ Kf7 41.Re4 Be5 42.Rb4 f2
43.Kd2 Bh3 44.Bxh3 Nxh3 45.Ke2 Nf4+ 46.Kf1 Ke7 47.Rxb6 Bxc3 48.bxc3 Nxd5
49.Rb3 Kd7 50.Kxf2 Kc6 51.a4 Kc5 52.a5 Nc7 53.Rb7 Kc6 54.Rb8 d5 55.Kg3 Kc5
56.Kh4 Na6 57.Rb6 Nc7 58.Rb7 Na6 59.Rb6 Nc7 60.Kh5 Nb5 61.Rb8 d4 62.Rc8+ Kd6
63.cxd4  1-0

[Event "NLD-chT9596"]
[Site "?"]
[Date "1995.??.??"]
[Round "?"]
[White "Grooten, Herman"]
[Black "Hania, J."]
[Result "1-0"]
[WhiteElo "2355"]
[BlackElo "2320"]

1.d4 Nf6 2.c4 g6 3.Nc3 Bg7 4.e4 d6 5.Nf3 O-O 6.Be2 e5 7.Be3 exd4 8.Nxd4 Nc6
9.Qd2 Ng4 10.Bxg4 Bxg4 11.Nxc6 bxc6 12.Bd4 f6 13.O-O Be6 14.b3 a5 15.Rac1 c5
16.Be3 Qe7 17.Bh6 Qf7 18.Bxg7 Qxg7 19.Rfe1 Rae8 20.Re3 Bd7 21.Nd5 Bc6 22.Qxa5 Bxd5
23.exd5 Rxe3 24.fxe3 f5 25.Qc3 Qe7 26.a4 Re8 27.Re1 Qe4 28.g3 h5 29.Kf2 Kf7
30.h4 Qg4 31.Qd3 Qh3 32.Qf1 Qg4 33.Qh1 Rb8 34.Rb1 g5 35.hxg5 Qxg5 36.Qh4 Qg6
37.a5 f4 38.Rf1 Rxb3 39.Qxf4+ Ke7 40.Kg2 Rb2+ 41.Kh3 Qg4+ 42.Qxg4 hxg4+ 43.Kxg4 Ra2
44.Kf5 Rxa5 45.Rh1 Ra3 46.Rh4 Kf7 47.Re4 Ra8 48.g4 c6 49.dxc6 Rc8 50.Re6 Rxc6
51.e4 Rb6 52.e5 Rb4 53.exd6 Rxc4 54.Re7+ Kf8 55.Re4 Rc1 56.d7  1-0

[Event "North Bay op"]
[Site "North Bay"]
[Date "1995.??.??"]
[Round "4"]
[White "Stone, Raymond"]
[Black "Larsen, Steen Skovlund"]
[Result "1-0"]
[WhiteElo "2340"]
[BlackElo "2330"]

1.d4 Nf6 2.c4 g6 3.Nc3 Bg7 4.e4 O-O 5.Nf3 d6 6.Be2 e5 7.O-O exd4 8.Nxd4 Re8
9.f3 c6 10.Kh1 Nbd7 11.Bg5 Qb6 12.Nb3 a5 13.Qd2 a4 14.Be3 Qb4 15.Nd4 Qa5
16.Rac1 Nb6 17.Rfd1 d5 18.cxd5 cxd5 19.Ncb5 Qxd2 20.Bxd2 Rf8 21.e5 Nfd7 22.f4 Rd8
23.Nc7 Rb8 24.Ba5 Rf8 25.Bb4 g5 26.e6 fxe6 27.Ncxe6 Re8 28.Nxg7 Kxg7 29.Bh5 Re4
30.Bf3 Re8 31.Bh5 Re4 32.Bf3 Re8 33.Nf5+ Kg6 34.Bh5+ Kxf5 35.g3 Ke4 36.Re1+ Kd3
37.Rc3+ Kd4 38.Rd1+ Ke4 39.Re1+ Kd4 40.Rxe8 Nc4 41.Rc1 Kd3 42.fxg5 b5 43.g6 d4
44.gxh7 Ra8 45.Be2+  1-0

[Event "Novgorod op"]
[Site "Novgorod"]
[Date "1995.??.??"]
[Round "5"]
[White "Pavlov, Aleksandr"]
[Black "Iordachescu, Viorel"]
[Result "0-1"]
[WhiteElo "2250"]
[BlackElo "2425"]

1.d4 Nf6 2.c4 g6 3.Nc3 Bg7 4.e4 d6 5.Nf3 O-O 6.Be2 e5 7.O-O Nbd7 8.Qc2 Re8
9.Rd1 h6 10.Rb1 exd4 11.Nxd4 c6 12.Be3 Qe7 13.f3 d5 14.cxd5 cxd5 15.Ndb5 dxe4
16.fxe4 Ne5 17.Nxa7 Neg4 18.Nxc8 Qe5 19.Qd3 Qxh2+ 20.Kf1 Nxe3+ 21.Qxe3 Raxc8
22.Bf3 Nh5 23.Ne2 Rc2 24.Rd7 Qh1+ 25.Qg1 Qh4 26.Qe3 Nf6 27.Rxf7 Rxe2 28.Rxg7+ Kxg7
29.Bxe2 Rxe4 30.Qg1 Re7 31.Rd1 Kh7 32.Bf3 Qc4+ 33.Kf2 Ng4+ 34.Kg3 Ne3 35.Rc1  0-1

[Event "JUG-ch"]
[Site "Novi Sad"]
[Date "1995.??.??"]
[Round "?"]
[White "Mozetic, Dejan"]
[Black "Vukic, Milan"]
[Result "1/2-1/2"]
[WhiteElo "2540"]
[BlackElo "2430"]

1.d4 Nf6 2.c4 g6 3.Nc3 Bg7 4.e4 d6 5.Nf3 O-O 6.Be2 e5 7.Be3 Ng4 8.Bg5 f6
9.Bh4 g5 10.Bg3 Nh6 11.h3 Nc6 12.dxe5 fxe5 13.Qd2 Nf7 14.Nh2 Nd4 15.Bg4 Nh8
16.Ne2 Ng6 17.Nxd4 exd4 18.Nf3 Nf4 19.Bxc8 Rxc8 20.Nxd4 Qf6 21.Nf5 Rce8 22.O-O Rxe4
23.Bxf4 Qxf5 24.Bxg5 Rxc4  1/2-1/2

[Event "JUG-ch"]
[Site "Novi Sad"]
[Date "1995.??.??"]
[Round "?"]
[White "Tosic, Miroslav"]
[Black "Mozetic, Dejan"]
[Result "1-0"]
[WhiteElo "2420"]
[BlackElo "2540"]

1.d4 Nf6 2.c4 g6 3.Nc3 Bg7 4.e4 d6 5.Nf3 O-O 6.Be2 e5 7.O-O exd4 8.Nxd4 Re8
9.f3 c6 10.Kh1 Nbd7 11.Bg5 Qb6 12.Nb3 a5 13.Qd2 a4 14.Be3 Qd8 15.Nd4 Nc5
16.Rfd1 Nfd7 17.Bf1 Qa5 18.Nc2 Qb6 19.Rab1 Be5 20.Bd4 Qd8 21.g3 Ne6 22.Be3 a3
23.f4 Bxc3 24.Qxc3 Nec5 25.e5 axb2 26.Bxc5 dxc5 27.Ne3 Rxa2 28.Ng4 Qa5 29.Qxa5 Rxa5
30.Rxb2 h5 31.Nf2 f5 32.Nh3 Nf8 33.Ng5 Ra7 34.Kg2 Ne6 35.Nf3 Kf7 36.Kh3 Ra3
37.Be2 h4 38.Kg2 hxg3 39.hxg3 Rh8 40.Rdd2 Ra1 41.Rd6 Ra3 42.Rd1 Rg8 43.Rd6 g5
44.fxg5 Nxg5 45.Nh4 Ne4 46.Bh5+ Kf8 47.Rd8+ Kg7 48.Rxc8 Rxc8 49.Nxf5+ Kh8
50.e6 Rca8 51.e7 Nf6 52.Bf7 Ra2 53.Rxa2 Rxa2+ 54.Kf3 Ra8 55.Kf4 Ne8 56.Kg5 b5
57.Kh6 Nf6 58.Kg6 Ng4 59.Nd6 b4 60.Be6 Ne5+ 61.Kf6  1-0

[Event "JUG-ch"]
[Site "Novi Sad"]
[Date "1995.??.??"]
[Round "?"]
[White "Mozetic, Dejan"]
[Black "Popovic, Petar"]
[Result "0-1"]
[WhiteElo "2540"]
[BlackElo "2545"]

1.d4 Nf6 2.c4 g6 3.Nc3 Bg7 4.e4 d6 5.Nf3 O-O 6.Be2 e5 7.Be3 Ng4 8.Bg5 f6
9.Bh4 g5 10.Bg3 Nh6 11.h3 exd4 12.Nxd4 Nc6 13.c5 f5 14.Nxc6 bxc6 15.cxd6 f4
16.Qb3+ Nf7 17.dxc7 Qxc7 18.Bh2 Rb8 19.Qc2 Ne5 20.f3 Qa5 21.Rb1 Rxb2 22.Rxb2 Nxf3+
23.Kd1 Rd8+ 24.Kc1 Nd4 25.Bc4+ Kh8 26.Qd2 Qc5 27.Kb1 Qxc4 28.Rd1 Re8 29.Bg1 c5
30.Rc1 Ba6 31.Nb5 Nxb5 32.Rxc4 Na3+ 33.Kc1 Nxc4 34.Qd7 Bxb2+ 35.Kc2 Bb5 36.Qxa7 Bg7
37.Bxc5 Bc6 38.Qf7 Ne5 39.Qh5 Bxe4+ 40.Kb3 Rb8+ 41.Ka4 Bc2+  0-1

[Event "Noyabrsk"]
[Site "Noyabrsk"]
[Date "1995.??.??"]
[Round "6"]
[White "Prokopchuk, Evgeny"]
[Black "Onoprienko, Vladimir"]
[Result "1-0"]
[WhiteElo "2390"]
[BlackElo "2350"]

1.Nf3 Nf6 2.c4 g6 3.Nc3 Bg7 4.d4 d6 5.e4 O-O 6.Be2 e5 7.O-O exd4 8.Nxd4 Re8
9.f3 c6 10.Nc2 Na6 11.Be3 Nc7 12.Qd2 d5 13.Rad1 Be6 14.cxd5 cxd5 15.e5 Nd7
16.Bg5 Qc8 17.f4 Nc5 18.Ne3 Ne4 19.Nxe4 dxe4 20.Rc1 Bf8 21.Bb5 Nxb5 22.Rxc8 Raxc8
23.f5 gxf5 24.Nxf5 Bxf5 25.Rxf5 Nd4 26.Rf1 Rxe5 27.Bf6 Rd5 28.Qe1 Bc5 29.Kh1 Rf5
30.Rxf5 Nxf5 31.Qxe4 Be7 32.Bc3 Rd8 33.g3 Rd1+ 34.Kg2 Rd5 35.Kh3 Rc5 36.g4  1-0

[Event "Noyabrsk"]
[Site "Noyabrsk"]
[Date "1995.??.??"]
[Round "10"]
[White "Nedobora, Mikhail"]
[Black "Onoprienko, Vladimir"]
[Result "1-0"]
[WhiteElo "2480"]
[BlackElo "2350"]

1.Nf3 Nf6 2.c4 d6 3.Nc3 g6 4.d4 Bg7 5.e4 O-O 6.Be2 e5 7.d5 a5 8.Bg5 h6 9.Bh4 Na6
10.O-O Bd7 11.Nd2 Qb8 12.a3 Nh7 13.Kh1 h5 14.f3 Bh6 15.b3 Be3 16.Rb1 g5 17.Be1 h4
18.b4 axb4 19.axb4 Nf6 20.c5 Nh5 21.Bxa6 bxa6 22.Nc4 Bf4 23.c6 Be8 24.Ne2 Qc8
25.Nxf4 exf4 26.e5 dxe5 27.Nxe5 f6 28.Ng4 Bg6 29.Rc1 Kh7 30.d6 cxd6 31.Qxd6 Bf5
32.c7 Bxg4 33.fxg4 Qxg4 34.Rf3 Rfe8 35.Bf2 Re5 36.Rd3 Kg6 37.Qd7 Qxd7 38.Rxd7 Ree8
39.Bb6 Rec8 40.Rd8 Ng7 41.Re1 Nf5 42.Ree8 Nd6 43.Rg8+ Kf5 44.Bc5 Rxc7 45.Rxa8 Ne4
46.Rxa6 Rd7 47.Ra1 Rd2 48.Re8 g4 49.Re1 Ng5 50.R8e2 Rd5 51.Rf1 h3 52.gxh3 Nxh3
53.Rb2 f3 54.Be3 Ke4 55.Bf2 f5 56.Re1+ Kf4 57.Be3+ Ke5 58.Rd2 Rb5 59.Bg5+  1-0

[Event "Odorheiu Secuiesc zt"]
[Site "Odorheiu Secuiesc"]
[Date "1995.??.??"]
[Round "5"]
[White "Delchev, Aleksander"]
[Black "Mrva, Martin"]
[Result "1-0"]
[WhiteElo "2450"]
[BlackElo "2400"]

1.d4 Nf6 2.c4 g6 3.Nc3 Bg7 4.e4 d6 5.Be2 O-O 6.Nf3 e5 7.d5 Ne8 8.h4 f5 9.Ng5 Na6
10.h5 f4 11.Ne6 Bxe6 12.dxe6 c6 13.hxg6 hxg6 14.b4 Nec7 15.Bg4 Re8 16.Ba3 Nxe6
17.Bxe6+ Rxe6 18.Qg4 Rf6 19.Rd1 Qc7 20.Rh3 Qf7 21.b5 Nc5 22.Bxc5 dxc5 23.Qe2 Rf8
24.bxc6 bxc6 25.Na4 Qb7 26.Qd2 Qb4 27.Qxb4 cxb4 28.Nc5 Re8 29.a3 bxa3 30.Rxa3 Rf7
31.Ra6 Rc8 32.f3 Bf8 33.Nd7 Bb4+ 34.Ke2 Bc3 35.Rd6 Kg7 36.Nc5 Kh6 37.Raxc6 Rxc6
38.Rxc6 a5 39.Ra6 Rc7 40.Nb3 Rxc4 41.Kd3 Rc7 42.Nxa5 Bb4 43.Nc6 Rd7+ 44.Kc4 Bd6
45.Ra7 Rxa7 46.Nxa7 Kh5 47.Kd5 Bc7 48.Nc6 Kh4 49.Nxe5 Kg3 50.Nc6 Kxg2 51.e5 g5
52.e6 Bd8 53.Nxd8 g4 54.fxg4 f3 55.e7 f2 56.e8=Q f1=Q 57.Qe4+ Kg3 58.Ne6 Qb5+
59.Kd6 Qb8+ 60.Kd7 Kh4 61.g5+ Kh5 62.Ng7+ Kxg5 63.Ne6+ Kh5 64.Qf5+ Kh6  1-0

[Event "CZE-ch"]
[Site "Olomouc"]
[Date "1995.??.??"]
[Round "?"]
[White "Klima, Lukas"]
[Black "Oral, Tomas"]
[Result "1/2-1/2"]
[WhiteElo "2270"]
[BlackElo "2405"]

1.d4 g6 2.c4 Bg7 3.Nc3 Nf6 4.e4 d6 5.Nf3 O-O 6.Be2 e5 7.dxe5 dxe5 8.Qxd8 Rxd8
9.Bg5 c6 10.Nxe5 Re8 11.Rd1 Na6 12.Nf3 h6 13.Be3 Nxe4 14.Nxe4 Rxe4 15.Rd8+ Kh7
16.h4 Rxe3 17.fxe3 Bxb2 18.Nd4 Bc3+ 19.Kd1 Bb4 20.Rf1 Kg7 21.h5 Nc7 22.hxg6 fxg6
23.Nb3 a5 24.e4 a4 25.Nc1 Be7 26.Rd2 Be6 27.Nd3 Re8 28.Nf4 Bc8 29.Bd3 Bb4
30.Rdf2 Bg4+ 31.Kc2 Re7 32.e5 g5 33.Ng6 Rd7 34.Nf8 Bxf8 35.Rxf8 Ne6 36.R8f6 Nd4+
37.Kc3 Ne2+ 38.Bxe2 Bxe2 39.R1f2 Bh5 40.Rd6 Re7 41.Kd4 Bf7 42.Re2 Be6 43.Re1 h5
44.Kc5 Bg4 45.Re3 h4 46.Rd4 Bf5 47.Kb4 g4 48.Kxa4 Kg6 49.Ka5 c5 50.Rd6+ Kg5
51.Kb5 Kf4 52.Re2 Rxe5 53.Rxe5 Kxe5 54.Rh6 h3 55.gxh3 g3 56.Rh8 g2 57.Rg8 Bxh3
58.Kxc5 Kf5 59.Rxg2 Bxg2  1/2-1/2

[Event "CZE-ch"]
[Site "Olomouc"]
[Date "1995.??.??"]
[Round "?"]
[White "Vokac, Marek"]
[Black "Freisler, Pavel"]
[Result "1-0"]
[WhiteElo "2475"]
[BlackElo "2350"]

1.d4 Nf6 2.c4 g6 3.Nc3 Bg7 4.e4 d6 5.Be2 O-O 6.Nf3 e5 7.O-O Nbd7 8.Be3 c6
9.h3 Qe7 10.Qc2 exd4 11.Bxd4 Nc5 12.Rfe1 Re8 13.Bf1 a5 14.Rad1 Qc7 15.e5 Bf5
16.Qc1 Nfe4 17.exd6 Qb6 18.d7 Red8 19.Nxe4 Bxd4 20.Rxd4 Bxe4 21.Rdxe4 Nxe4
22.Rxe4 Rxd7 23.Ne5 Re7 24.c5 Qc7 25.Qc3 Rae8 26.Nxf7 Kxf7 27.Bc4+ Re6 28.Qf3+  1-0

[Event "CZE-ch"]
[Site "Olomouc"]
[Date "1995.??.??"]
[Round "?"]
[White "Gross, Stefan"]
[Black "Jirovsky, Pavel"]
[Result "0-1"]
[WhiteElo "2370"]
[BlackElo "2315"]

1.Nf3 Nf6 2.c4 g6 3.Nc3 Bg7 4.d4 O-O 5.e4 d6 6.Be2 e5 7.Be3 Nc6 8.d5 Ne7
9.Nd2 Nd7 10.b4 f5 11.f3 f4 12.Bf2 g5 13.c5 Nf6 14.Rc1 Ne8 15.Qc2 Rf7 16.cxd6 cxd6
17.Nb5 Bd7 18.Nxa7 Ng6 19.h3 h5 20.b5 Bf6 21.b6 g4 22.hxg4 hxg4 23.fxg4 Bh4
24.Qb3 Bxf2+ 25.Kxf2 Nf6 26.Bf3 Bxg4 27.Nc4 Rh7 28.Rxh7 Nxh7 29.Bxg4 Qh4+
30.Ke2 Qxg4+ 31.Qf3 Qh4 32.Qh3 f3+ 33.Qxf3 Rf8 34.Qe3 Nf4+ 35.Kd2 Nxg2 36.Rg1 Rf2+
37.Kc3 Ng5 38.Qd3 Nf4 39.Qe3 Ne2+ 40.Kb4 Nxg1 41.Nxd6 N1h3 42.Nac8 Nf4 43.Nc4 Re2
44.Qg1 Rxe4 45.Ne7+ Kh7 46.Nf5 Nxd5+ 47.Kb5  0-1

[Event "CZE-ch"]
[Site "Olomouc"]
[Date "1995.??.??"]
[Round "?"]
[White "Stocek, Jiri"]
[Black "Neumann, Peter"]
[Result "1-0"]
[WhiteElo "2480"]
[BlackElo "2145"]

1.Nf3 Nf6 2.c4 g6 3.Nc3 Bg7 4.e4 d6 5.d4 O-O 6.Be2 e5 7.O-O Na6 8.Re1 c6
9.d5 c5 10.Bg5 h6 11.Bh4 g5 12.Bg3 Nh5 13.Nd2 Nf4 14.Bg4 Bxg4 15.Qxg4 h5
16.Qd1 g4 17.Nf1 Nb4 18.Rb1 Qg5 19.a3 Nbd3 20.Bxf4 Nxf4 21.Ne3 Ng6 22.f3 g3
23.hxg3 Ne7 24.g4 Bh6 25.Nf5 hxg4 26.fxg4 Kh7 27.Nxd6  1-0

[Event "CZE-ch"]
[Site "Olomouc"]
[Date "1995.??.??"]
[Round "?"]
[White "Suran, Jan"]
[Black "Fuksik, Jakub"]
[Result "1/2-1/2"]
[WhiteElo "2215"]
[BlackElo "2165"]

1.d4 Nf6 2.c4 g6 3.Nc3 Bg7 4.e4 d6 5.Be2 O-O 6.Nf3 Nbd7 7.O-O e5 8.Be3 Re8
9.d5 Nc5 10.Nd2 a5 11.b3 c6 12.a3 Bd7 13.b4 Na6 14.Rb1 axb4 15.axb4 Qc7 16.Qc2 Rec8
17.Rfc1 cxd5 18.cxd5 b5 19.Qb2 Qb7 20.h3 Ne8 21.Ra1 f5 22.f3 Nf6 23.Nb3 fxe4
24.fxe4 Rxc3 25.Qxc3 Nxe4 26.Qd3 Ng3 27.Bg4 Nxb4 28.Rxa8+ Qxa8 29.Qd2 Bxg4
30.hxg4 Nxd5 31.Bf2 Bh6 32.Rc8+ Qxc8 33.Qxd5+ Kg7 34.Bxg3 Qxg4 35.Qd3 Bf4
36.Bxf4 Qxf4 37.Qxb5 Qe3+ 38.Kf1 Qf4+ 39.Ke2 Qe4+ 40.Kf2 Qf4+ 41.Ke2 Qg4+
42.Kf2 Qe6 43.Nd2 d5 44.Nf3 e4 45.Qb7+ Qf7 46.Qxf7+ Kxf7 47.Ng5+ Kf6 48.Nxh7+ Ke5
49.Nf8 g5 50.Nd7+ Ke6 51.Nc5+ Ke5 52.Nd7+ Kd6 53.Nf8 Ke5 54.Nd7+ Kf4 55.Nc5 Ke5  1/2-1/2

[Event "CZE-ch"]
[Site "Olomouc"]
[Date "1995.??.??"]
[Round "?"]
[White "Gross, Stefan"]
[Black "Obsivac, Josef"]
[Result "1/2-1/2"]
[WhiteElo "2370"]
[BlackElo "2335"]

1.Nf3 Nf6 2.c4 g6 3.Nc3 Bg7 4.e4 d6 5.d4 O-O 6.Be2 e5 7.Be3 Ng4 8.Bg5 f6
9.Bh4 Nc6 10.d5 Ne7 11.Nd2 f5 12.Bxg4 fxg4 13.Bg5 Rf4 14.g3 Rf7 15.Rc1 c5
16.a3 Bf6 17.Bxf6 Rxf6 18.b4 cxb4 19.axb4 Qb6 20.O-O Qxb4 21.Qc2 b6 22.Qb1 Qxb1
23.Rxb1 Bd7 24.Ra1 a5 25.Rfb1 Nc8 26.Kf1 Ra7 27.Ra2 Rc7 28.Ke1 Kf8 29.Nd1 Ke8
30.Ne3 Kd8 31.Rbb2 h5 32.Nb1 Rf7 33.Nc3 Be8 34.Nb1 Rc5 35.Nd2 Ra7 36.Nb3 Rcc7
37.Nd2 a4 38.Nb1 b5 39.cxb5 Nb6 40.Kd2 Rc5 41.Na3 Rac7 42.Rc2 Bxb5 43.Rxc5 Rxc5
44.Rb2 Nc4+ 45.Nexc4 Bxc4 46.Rb7 Bf1 47.Ra7 Rc7 48.Rxa4 Rb7 49.Nc2 Bg2 50.Nb4 Bf3
51.Ke3 Kc7 52.Nd3 Kd7  1/2-1/2

[Event "CZE-ch"]
[Site "Olomouc"]
[Date "1995.??.??"]
[Round "?"]
[White "Suran, Jan"]
[Black "Obsivac, Josef"]
[Result "1/2-1/2"]
[WhiteElo "2215"]
[BlackElo "2335"]

1.d4 Nf6 2.Nf3 g6 3.c4 Bg7 4.Nc3 O-O 5.e4 d6 6.Be2 e5 7.Be3 Ng4 8.Bg5 f6
9.Bc1 Nc6 10.d5 Ne7 11.O-O Nh6 12.Ne1 c5 13.f4 Nf7 14.Nf3 Bd7 15.Be3 Bh6
16.Qd2 Bxf4 17.Bxf4 exf4 18.Qxf4 Kg7 19.Rf2 Ng8 20.Bd3 Qe7 21.Re1 Rae8 22.Qg3 Ne5
23.Nxe5 Qxe5 24.Qxe5 Rxe5 25.h3 Nh6 26.Rfe2 Re7 27.Re3 Nf7 28.Bf1 Ne5 29.b3 a6
30.Kf2 Rfe8 31.Na4 b5 32.Nb6 Rb8 33.Nxd7 Rxd7 34.Rc3 b4 35.Rce3 a5 36.a4 bxa3
37.Ra1 a4 38.bxa4 Rb2+ 39.Kg1 Ra7 40.Raxa3 Ra5 41.Reb3 Rxb3 42.Rxb3 Rxa4
43.Rb7+ Kg8 44.Rb8+ Kg7 45.Rb7+ Nf7 46.Be2 h5 47.Kf2 Ra8 48.Re7 Ra2 49.Ke3 Ra3+
50.Kf2 h4 51.Bg4 Kf8 52.Re6 Rc3 53.Be2 Kg7 54.Re7 Kf8 55.Re6 Kg7 56.Re7  1/2-1/2

[Event "Komercni Banka op"]
[Site "Olomouc"]
[Date "1995.??.??"]
[Round "1"]
[White "Movsesian, Sergei"]
[Black "Zatloukal, Petr"]
[Result "1-0"]
[WhiteElo "2435"]
[BlackElo "2060"]

1.d4 Nf6 2.c4 g6 3.Nc3 Bg7 4.e4 d6 5.Nf3 O-O 6.Be2 e5 7.O-O Nbd7 8.Be3 exd4
9.Nxd4 Nc5 10.f3 a5 11.Qd2 Re8 12.Rad1 Qe7 13.Ndb5 Be6 14.Bxc5 dxc5 15.e5 Nh5
16.f4 Rad8 17.Qe3 f5 18.Bxh5 gxh5 19.Nd5 Bxd5 20.cxd5 b6 21.Qh3 Qd7 22.a4 c6
23.Nd6 Rf8 24.Qb3 cxd5 25.Qxd5+ Kh8 26.e6 Qe7 27.Nf7+ Kg8 28.Nxd8 Bd4+ 29.Rxd4 cxd4
30.Nc6 Qc5 31.Qxc5  1-0

[Event "CRO-chT2"]
[Site "Opatija"]
[Date "1995.??.??"]
[Round "?"]
[White "Banusic, Zeljko"]
[Black "Arbanas, Josip"]
[Result "1/2-1/2"]
[WhiteElo "2315"]
[BlackElo "2135"]

1.Nf3 Nf6 2.c4 g6 3.Nc3 Bg7 4.e4 d6 5.d4 O-O 6.Be2 e5 7.dxe5 dxe5 8.Qxd8 Rxd8
9.Bg5 c6 10.Nxe5 Re8 11.O-O-O h6 12.Bf4 Na6 13.Bf3 g5 14.Bg3 g4 15.Be2 Nc5
16.f3 Nfxe4 17.fxe4 Bxe5 18.Bxe5 Rxe5 19.Rd8+ Kg7 20.Bxg4 Nd3+ 21.Rxd3 Bxg4
22.Rf1 Rae8 23.Kd2 Be6 24.b3 Rg5 25.g3 Bg4 26.Rf4 h5 27.Rd6 Rge5 28.Kd3 R8e7
29.b4 f5 30.Kd4 fxe4 31.Rxe4 Rxe4+ 32.Nxe4 Bf5 33.Nf6 Bg6 34.b5 cxb5 35.cxb5 Re2
36.Nd5 Rxh2 37.Rd7+ Kh6 38.Rxb7 Rxa2  1/2-1/2

[Event "Orel"]
[Site "Orel"]
[Date "1995.??.??"]
[Round "4"]
[White "Pushkov, Nikolai"]
[Black "Yandemirov, Valeri"]
[Result "1-0"]
[WhiteElo "2505"]
[BlackElo "2525"]

1.Nf3 Nf6 2.c4 g6 3.Nc3 Bg7 4.e4 d6 5.d4 O-O 6.Be2 e5 7.Be3 c6 8.O-O exd4
9.Nxd4 Re8 10.f3 d5 11.cxd5 Nxd5 12.Nxd5 cxd5 13.Qb3 dxe4 14.Rad1 Qe7 15.Bc4 Nc6
16.fxe4 Ne5 17.Bd5 Be6 18.Bxe6 fxe6 19.h3 a6 20.Nf3 Nxf3+ 21.Rxf3 Rad8 22.Rff1 Rd7
23.Rxd7 Qxd7 24.Rc1 Be5 25.Qc2 Bb8 26.Rd1 Qb5 27.Kh1 Rf8 28.Bg1 h5 29.a4 Qe5
30.Rd7 b5 31.axb5 axb5 32.Rb7 Bd6 33.Qc6 Rb8 34.Rd7 Bf8 35.Bh2  1-0

[Event "Orel"]
[Site "Orel"]
[Date "1995.??.??"]
[Round "8"]
[White "Pushkov, Nikolai"]
[Black "Dyachkov, Sergej"]
[Result "1-0"]
[WhiteElo "2505"]
[BlackElo "2490"]

1.d4 Nf6 2.Nf3 d6 3.c4 g6 4.Nc3 Bg7 5.e4 O-O 6.Be2 e5 7.Be3 Nc6 8.d5 Ne7
9.Nd2 Ne8 10.f3 f5 11.c5 c6 12.Nc4 fxe4 13.fxe4 cxd5 14.Nxd5 Nc6 15.h4 Nd4
16.Bg5 Qd7 17.Nxd6 Nxd6 18.cxd6 h6 19.Be7 Rf7 20.Nc7 b5 21.Nxa8 Bb7 22.Bf3 Bxa8
23.Rc1 Bc6 24.h5 Rf4 25.hxg6 Qe6 26.Rxc6 Nxc6 27.Qd5 Qxd5 28.exd5 Nb8 29.Kd2 e4
30.Ke3  1-0

[Event "LTU-ch (Women)"]
[Site "Panevezys"]
[Date "1995.??.??"]
[Round "5"]
[White "Dambravaite, Asta"]
[Black "Rudaityte, Ilona"]
[Result "1/2-1/2"]
[WhiteElo "2155"]
[BlackElo "2160"]

1.d4 Nf6 2.c4 d6 3.Nc3 g6 4.e4 Bg7 5.Be2 O-O 6.Nf3 Nbd7 7.O-O e5 8.d5 Ne8
9.Bg5 f6 10.Bh4 a5 11.Ne1 Nc5 12.Nd3 Nxd3 13.Bxd3 Qd7 14.f3 f5 15.a3 b6 16.b4 f4
17.c5 Bf6 18.Bb5 Qd8 19.Bf2 bxc5 20.bxc5 Bh4 21.Qe1 Bxf2+ 22.Qxf2 g5 23.Rab1 dxc5
24.Qxc5 Qd6 25.Qxd6 Nxd6 26.Bc6 Ba6 27.Bxa8 Bxf1 28.Kxf1 Rxa8 29.Ke2 Kf7
30.Nb5 Nxb5 31.Rxb5 Ke7 32.Kd3 h5 33.Rc5 Kd7 34.Rc6 g4 35.Re6 Rb8 36.Rxe5 Rb3+
37.Kc4 Rxa3 38.fxg4 hxg4 39.Rg5 f3 40.Rxg4 f2 41.Rf4 Ra2 42.g4 a4 43.g5 Re2
44.Kd3 a3 45.Kxe2 a2 46.Kxf2 a1=Q 47.h4 Qd4+ 48.Kg3 Qg1+ 49.Kh3 Kd6 50.Rg4 Qe3+
51.Kg2 Qe2+ 52.Kg3 Qe3+  1/2-1/2

[Event "LTU-ch (Women)"]
[Site "Panevezys"]
[Date "1995.??.??"]
[Round "7"]
[White "Dambravaite, Asta"]
[Black "Morkunaite, Egle"]
[Result "1/2-1/2"]
[WhiteElo "2155"]
[BlackElo "2015"]

1.d4 Nf6 2.c4 g6 3.Nc3 Bg7 4.e4 d6 5.Be2 O-O 6.Nf3 e5 7.dxe5 dxe5 8.Bg5 Qxd1+
9.Rxd1 c6 10.O-O Be6 11.Rd6 Nbd7 12.Rfd1 Nc5 13.Bxf6 Bxf6 14.b4 Na6 15.a3 Nc7
16.R6d2 Bg7 17.Na4 b5 18.Nc5 a5 19.Rd6 Bxc4 20.Bxc4 bxc4 21.Rxc6 Nb5 22.bxa5 Rxa5
23.Nd7 Rd8 24.Kf1 Nd4 25.Rc7 Nxf3 26.gxf3 Rxa3 27.Ke2 Ra2+ 28.Rd2 Rxd2+ 29.Kxd2 h5
30.Ra7 Rc8 31.Kc3 f5 32.Rb7 Ra8 33.Rb8+ Rxb8 34.Nxb8 Kf7 35.Kxc4 Ke6 36.Na6 Kd6
37.Nb4 Bf8 38.Nd5 Kc6 39.Kd3 f4 40.Ke2 Bc5 41.Nf6 Be7 42.Nd5 Bc5 43.Kf1 Ba3
44.Kg2 Kd7 45.Nb6+ Ke6 46.Nc4 Bb4 47.Nb6 Ba3 48.Nc4  1/2-1/2

[Event "Pardubice op"]
[Site "Pardubice"]
[Date "1995.??.??"]
[Round "?"]
[White "Tolstikh, Nikolay"]
[Black "Shtyrenkov, Veniamen"]
[Result "1/2-1/2"]
[WhiteElo "2405"]
[BlackElo "2455"]

1.Nf3 Nf6 2.c4 g6 3.Nc3 Bg7 4.e4 d6 5.d4 O-O 6.Be2 e5 7.dxe5 dxe5 8.Qxd8 Rxd8
9.Bg5 Nbd7 10.O-O-O Rf8 11.b4 c6 12.Nd2 Re8 13.c5 a5 14.a3 axb4 15.axb4 b6
16.cxb6 Nxb6 17.Kc2 Be6 18.Ra1 Nfd7 19.Ra6 Bf8 20.Rb1 Rxa6 21.Bxa6 c5 22.bxc5 Bxc5
23.Be3 Bxe3 24.fxe3 Rb8 25.Bb5 Rc8 26.Bxd7 Nxd7 27.Ra1 Nf6 28.h3 Kg7 29.Ra7 Nd7
30.Kd3 Rb8 31.Kc2 Nc5 32.Ra3 Rc8 33.Kd1 Nb3 34.Kc2 Nxd2 35.Kxd2 Rd8+ 36.Ke1 Kf6
37.h4 Rc8 38.Kd2 Rb8 39.Kc2 g5 40.hxg5+ Kxg5 41.Ra5 Rg8 42.Rxe5+ Kf6 43.Ra5 Rxg2+
44.Kd3 Rg5 45.Rxg5 Kxg5 46.Ke2 Kf6 47.Kf3 Ke5 48.Nb1 Bc4 49.Nd2 Bd3 50.Kf2 Bxe4
51.Nf1 Bd3 52.Nd2 Kf5 53.Kg3 Ke5 54.Kg4 Bg6 55.Kg5 f6+ 56.Kg4 Kd5 57.Kf4 h5
58.e4+  1/2-1/2

[Event "Pardubice op"]
[Site "Pardubice"]
[Date "1995.??.??"]
[Round "?"]
[White "Tolstikh, Nikolay"]
[Black "Kalousek, Vladimir"]
[Result "1-0"]
[WhiteElo "2405"]
[BlackElo "2150"]

1.Nf3 Nf6 2.c4 g6 3.Nc3 Bg7 4.e4 d6 5.d4 O-O 6.Be2 e5 7.dxe5 dxe5 8.Qxd8 Rxd8
9.Bg5 c6 10.Nxe5 Re8 11.O-O-O Nxe4 12.Nxe4 Bxe5 13.Rhe1 Nd7 14.Bf1 Bg7 15.f4 h6
16.Bh4 g5 17.fxg5 Ne5 18.Nd6 Bg4 19.Nxe8 Rxe8 20.Rd4 Bf5 21.Red1 Kh7 22.Rd8 Re6
23.R1d6 Kg6 24.Rxe6+ fxe6 25.Bf2 hxg5 26.Bxa7 Be4 27.Bd4 Nf7 28.Rd7 Bh6 29.Be3 Ne5
30.Rxb7 Bg7 31.Bd4 Bf6 32.c5 g4 33.a4 Bg5+ 34.Kd1 Nf7 35.a5 e5 36.Bf2 Nd8
37.a6 Bd5 38.Rb8 Bb3+ 39.Rxb3  1-0

[Event "Pardubice op"]
[Site "Pardubice"]
[Date "1995.??.??"]
[Round "?"]
[White "Ruzele, Darius"]
[Black "Goloshchapov, Alexander"]
[Result "1/2-1/2"]
[WhiteElo "2505"]
[BlackElo "2380"]

1.d4 Nf6 2.c4 g6 3.Nc3 Bg7 4.e4 d6 5.Be2 O-O 6.Nf3 e5 7.O-O Nbd7 8.Qc2 exd4
9.Nxd4 Re8 10.Nb3 a5 11.Be3 a4 12.Nd2 Nc5 13.f3 Nfd7 14.Rad1 f5 15.Bf2 c6
16.Rfe1 f4 17.Bf1 Be5 18.Ndb1 Qa5 19.Na3 Nb6 20.Re2 Be6 21.Ncb1 Na6 22.Ree1 Nd7
23.Nc3 Ndc5 24.Kh1 Rad8 25.Rd2 Rd7 26.Qc1 Nb4 27.Qd1 Ree7 28.Qe2 Rg7 29.Bd4 Rgf7
30.Qf2 Nba6 31.Nc2 Rfe7 32.Rb1 Nb4 33.Na3 Nba6 34.Qh4 Bf7 35.Rbd1 Be8 36.Nc2 Ne6
37.Bxe5 dxe5 38.Qf6 Nac7 39.Rxd7 Rxd7 40.Rxd7 Bxd7 41.Qe7 Be8 42.Qd6 Qc5
43.Qd2 Qa5 44.Qd6 Qc5 45.Qd2 Qa5  1/2-1/2

[Event "Pardubice op"]
[Site "Pardubice"]
[Date "1995.??.??"]
[Round "?"]
[White "Tunik, Gennady"]
[Black "Pachmann, Ales"]
[Result "1/2-1/2"]
[WhiteElo "2515"]
[BlackElo "2250"]

1.d4 Nf6 2.c4 g6 3.Nc3 Bg7 4.e4 d6 5.Nf3 O-O 6.Be2 e5 7.d5 Nbd7 8.Bg5 h6
9.Bh4 g5 10.Bg3 Nh5 11.O-O Nf4 12.Ne1 Nc5 13.b4 Nxe4 14.Nxe4 Nxe2+ 15.Qxe2 f5
16.f3 fxe4 17.fxe4 Rxf1+ 18.Qxf1 a5 19.b5 g4 20.Qf2 Qg5 21.Bh4 Qg6 22.Qe2 Bd7
23.Nd3 Rf8 24.a4 b6 25.Rf1 Rxf1+ 26.Kxf1 Bf6 27.Be1 h5 28.Kg1 Qh6 29.Bc3 Bg5
30.Be1 Be3+ 31.Bf2 Bxf2+ 32.Kxf2 Be8 33.Qe3 Qf6+ 34.Ke2 Bg6 35.g3 Kg7 36.Nf2 Be8
37.Kd2 Bg6 38.Kc3 Bh7 39.Kd2 Bg6 40.Ke1 Be8 41.Nd3 Bg6 42.c5 dxc5 43.Nf2 Kf7
44.h3 Qf3 45.Qxf3+ gxf3 46.Kd2 Ke7 47.Kd3 Kd6 48.Kc4 Bh7 49.Kd3 Bg6 50.h4 Be8
51.Nd1 Bg6 52.Nf2 Bh7  1/2-1/2